000 00823cam a2200217 4500
001 WB3613-11
008 000000n2000 000 0 eng u
035 _a(Sirsi) u105136
245 4 _aThe new forest
260 _c2000
490 _aGuardian
_v30 March 2000, 2.2-2.3(3)
520 _aAn environmental committee of the Scottish parliament has recommended that all telecommunications masts should be required to apply for planning permission and that local authorities should adopt the principle of keeping masts away from schools, hospitals and residential areas. Case study.
590 _aWB
650 _aTELECOMMUNICATIONS MASTS
650 _aMOBILE PHONE MASTS
650 _aHEALTH AND SAFETY
_96244
650 _aRADIATION
650 _aHEALTH HAZARDS
690 _aHealth and safety
_96244
942 _n0
999 _c63045
_d63045